Министр иностранных дел Германии К. фон Нейрат (слева), министр иностранных дел Италии Г. Чиано (в центре) и военный министр Гер...

RUSMARC
00003695ckm0a2200241#x 450
001137a3134-08fa-444b-b307-c976ca6847ab
00520200427132205.0
100##$a20200423j19361022k###0rusy50 ca
102##$aDE
1220#$ad19361022##
2001#$aМинистр иностранных дел Германии К. фон Нейрат (слева), министр иностранных дел Италии Г. Чиано (в центре) и военный министр Германии В. фон Бломберг на приеме в честь итальянского гостя. Берлин : фотография
$j22 октября 1936 г.
251##$cДокумент
461#0$12001
$aФ. 1511к
$1251
$cФонд
$1852
$j1511к
462#0$12001
$aОп. 3
$1251
$cОпись
$1852
$j3
462#0$12001
$aД. 15
$vЛ. 1
$1251
$cДело
$1852
$j15
605##$2prlib_sh
$3LIBNET\UAF\0000088514
$aВторая мировая война в архивных документах (Комплекс оцифрованных архивных документов, кино- и фотоматериалов)
$lколлекция
617##$aИталия
$f1936
$2prlib_sh
617##$aГермания
$f1936
$2prlib_sh
801#0$aRU
$bПБ им. Б.Н. Ельцина
$c20200423
801#1$aRU
$bПБ им. Б.Н. Ельцина
$c20200423
$2rusmarc
801#2$aRU
$bПБ им. Б.Н. Ельцина
$c20200427
$2rusmarc
850##$aРоссийский государственный военный архив
852##$aРГВА
$jЛ. 1
035##$aLIBNET\0001070012
937##$d144161552
$hРоссийский государственный военный архив
8564#$uhttp://readingroom.main.prlib.ru/item.aspx?id_node=n144161552&mode=full
Формат отображения